[Event "AUTO-ADV-2740"]
[Site "http://www.queenalice.com/game.php?id=1145031"]
[Date "2013.1.25"]
[Round "1"]
[White "amalcas"]
[Black "ghina96"]
[Result "0-1"]
[WhiteElo "1575"]
[BlackElo "1944"]

1. e4 e5 2. Nf3 Nc6 3. d4 d6 4. d5 Nce7 5. Bb5+ c6 6. dxc6 Qa5+ 7. Nc3 bxc6 8.
Ba4 Qc7 9. O-O Nf6 10. Bg5 Ng6 0-1

[Event "AUTO-ADV-2740"]
[Site "http://www.queenalice.com/game.php?id=1145045"]
[Date "2013.1.25"]
[Round "1"]
[White "amalcas"]
[Black "Belbo"]
[Result "0-1"]
[WhiteElo "1645"]
[BlackElo "1842"]

1. e4 c5 2. e5 Nc6 3. Nf3 e6 4. c3 d6 5. d4 Qa5 6. Bd2 Qb6 7. Be3 Qxb2 8. Nbd2
Qxc3 9. Rc1 Qa5 10. dxc5 dxc5 11. Qc2 Nb4 12. Nb3 Nxc2+ 0-1

[Event "AUTO-ADV-2740"]
[Site "http://www.queenalice.com/game.php?id=1145052"]
[Date "2013.1.25"]
[Round "1"]
[White "TorresR"]
[Black "amalcas"]
[Result "1-0"]
[WhiteElo "1728"]
[BlackElo "1573"]

1. e4 e5 2. d4 exd4 3. c3 dxc3 4. Bc4 cxb2 5. Bxb2 Nf6 6. e5 Ne4 7. Qd5 Ng5 8.
Nf3 Bb4+ 9. Nc3 Bxc3+ 10. Bxc3 O-O 11. Nxg5 Qxg5 12. Bb4 c6 13. Qd6 Re8 14. O-O
Qe7 15. Qxe7 Rxe7 16. f4 d6 17. Bxd6 Rd7 18. f5 b5 19. Bb3 Ba6 20. f6 gxf6 21.
Rxf6 Kg7 22. Raf1 b4 23. Rxf7+ Rxf7 24. Rxf7+ Kg6 25. e6 Bc8 26. e7 Bd7 27. Rf8
h5 28. Bf7+ Kg7 29. Bxh5 Kh6 30. Bg4 1-0

[Event "AUTO-ADV-2740"]
[Site "http://www.queenalice.com/game.php?id=1145053"]
[Date "2013.1.25"]
[Round "1"]
[White "amalcas"]
[Black "TorresR"]
[Result "1-0"]
[WhiteElo "1671"]
[BlackElo "1766"]

1. e4 e5 2. Bc4 b5 3. Bxb5 c6 4. Ba4 a5 5. Nf3 d5 6. exd5 Qxd5 7. Nc3 Qd6 8. O-O
g6 9. d4 exd4 10. Nxd4 Bg7 11. Be3 Ne7 12. Nxc6 Qxd1 13. Nxb8+ Kf8 14. Raxd1
Rxb8 15. Rd8# 1-0

[Event "AUTO-OPEN-2900"]
[Site "http://www.queenalice.com/game.php?id=1145069"]
[Date "2013.1.25"]
[Round "1"]
[White "Rastrello"]
[Black "amalcas"]
[Result "0-1"]
[WhiteElo "1335"]
[BlackElo "1725"]

1. e4 e5 2. d3 c6 3. Nf3 d6 4. Be2 Bg4 5. O-O Bxf3 6. Bxf3 d5 7. exd5 cxd5 8.
Nc3 d4 9. Nd5 Nf6 10. Ne3 Bb4 11. Bxb7 Nbd7 12. a3 Rb8 13. Bc6 dxe3 14. axb4
exf2+ 15. Rxf2 Qc7 16. Qf3 Rxb4 17. Be3 Rxb2 18. Rc1 O-O 19. d4 Rfb8 20. dxe5
Nxe5 21. Qf5 Rb1 22. Rff1 Neg4 23. Rxb1 Nxe3 24. Be4 Nxf5 25. Bxf5 g6 26. Bd3
Rxb1 27. Rxb1 a5 28. h4 Ng4 29. c4 Qh2+ 30. Kf1 Qh1+ 31. Ke2 Qxg2+ 32. Kd1 Ne3+
33. Ke1 Nxc4 34. Bxc4 Qg1+ 0-1

[Event "AUTO-OPEN-2900"]
[Site "http://www.queenalice.com/game.php?id=1145070"]
[Date "2013.1.25"]
[Round "1"]
[White "amalcas"]
[Black "Rastrello"]
[Result "1-0"]
[WhiteElo "1723"]
[BlackElo "1337"]

1. e4 e5 2. d4 exd4 3. Qxd4 Nc6 4. Qa4 Nf6 5. Nc3 b6 6. Bb5 Bb7 7. Nf3 a6 8.
Bxc6 dxc6 9. e5 b5 10. Qd4 Qxd4 11. Nxd4 c5 12. exf6 cxd4 13. fxg7 Bxg7 14. Ne2
Bxg2 15. Rg1 Bc6 16. Rxg7 Be4 17. Nxd4 c5 18. f3 Bg6 19. Bg5 cxd4 20. O-O-O h6
21. Bf6 Rc8 22. Rxg6 fxg6 23. Bxh8 Kf7 24. Bxd4 a5 25. a3 b4 26. axb4 axb4 27.
Rd3 h5 28. Rb3 Rb8 29. c3 Rc8 30. Rxb4 1-0

[Event "AUTO-OPEN-2900"]
[Site "http://www.queenalice.com/game.php?id=1145095"]
[Date "2013.1.25"]
[Round "1"]
[White "amalcas"]
[Black "vindaloo"]
[Result "0-1"]
[WhiteElo "1594"]
[BlackElo "1773"]

1. e4 c6 2. e5 d5 3. d4 e6 4. Nf3 Nd7 5. c3 f6 6. b3 g6 7. c4 Bg7 8. cxd5 cxd5
9. Bb5 a6 10. Bxd7+ Bxd7 11. O-O Qc7 12. Qe1 f5 13. Ng5 h6 14. Nf3 Ne7 15. Ba3
Bb5 16. Bxe7 Qxe7 0-1

[Event "AUTO-OPEN-2900"]
[Site "http://www.queenalice.com/game.php?id=1145096"]
[Date "2013.1.25"]
[Round "1"]
[White "vindaloo"]
[Black "amalcas"]
[Result "1-0"]
[WhiteElo "1782"]
[BlackElo "1585"]

1. e4 e5 2. b3 Nf6 3. d3 d5 4. exd5 Nxd5 5. Bb2 Nc6 6. Nf3 Bb4+ 7. c3 Be7 8. Be2
f6 9. O-O Bf5 10. Nbd2 O-O 11. Re1 a5 12. Bf1 h6 13. d4 exd4 14. cxd4 Ncb4 15.
Nc4 Nf4 16. Re3 1-0

[Event "AUTO-OPEN-2900"]
[Site "http://www.queenalice.com/game.php?id=1145097"]
[Date "2013.1.25"]
[Round "1"]
[White "amalcas"]
[Black "The_Clown"]
[Result "1-0"]
[WhiteElo "1709"]
[BlackElo "1647"]

1. e4 e5 2. Nf3 Nf6 3. Nxe5 Nxe4 4. Bc4 d5 5. d3 dxc4 6. dxe4 Qe7 7. f4 f6 8.
Qh5+ g6 9. Nxg6 hxg6 10. Qxh8 Qxe4+ 11. Kd1 Bg4+ 12. Kd2 Qe2+ 13. Kc3 Qxg2 14.
Re1+ Kf7 15. Nd2 f5 16. Qh4 Nc6 17. a3 Qd5 18. Nxc4 Qd4+ 19. Kb3 b5 20. Ne3 Qa4+
21. Ka2 Re8 22. b3 Qxf4 23. Nxf5 Qxf5 24. Rxe8 Qxc2+ 25. Bb2 Bxa3 26. Kxa3 Qc5+
27. Ka2 Nb4+ 28. Ka3 Nc2+ 29. Ka2 Nb4+ 30. Ka3 Kxe8 31. Qxg4 a5 32. Qxg6+ Kd7
33. Qg7+ Kc6 34. Qh6+ Kb7 35. Rc1 Nc2+ 36. Ka2 Nb4+ 37. Ka1 Qd5 38. Qg7 Qxb3 39.
Qxc7+ Ka6 40. Qc8+ Kb6 41. Bd4# 1-0

[Event "AUTO-OPEN-2900"]
[Site "http://www.queenalice.com/game.php?id=1145098"]
[Date "2013.1.25"]
[Round "1"]
[White "The_Clown"]
[Black "amalcas"]
[Result "1-0"]
[WhiteElo "1548"]
[BlackElo "1563"]

1. d4 d5 2. c4 dxc4 3. e4 f5 4. e5 Be6 5. Nf3 Nc6 6. Nc3 g6 7. b3 cxb3 8. axb3
Bh6 9. d5 Bxc1 10. Rxc1 Bf7 11. e6 Bxe6 12. dxe6 Qxd1+ 13. Rxd1 Rd8 14. Nd5 a6
15. b4 a5 16. Nxc7+ Kf8 17. Rxd8+ Nxd8 18. bxa5 Nf6 19. Be2 Kg7 20. O-O Nc6 21.
a6 bxa6 22. Bxa6 Rd8 23. Bb5 1-0

[Event "Challenge"]
[Site "http://www.queenalice.com/game.php?id=1148128"]
[Date "2013.2.2"]
[Round "-"]
[White "amalcas"]
[Black "Cubanauta"]
[Result "0-1"]
[WhiteElo "1609"]
[BlackElo "1638"]

1. e4 e5 2. d4 exd4 3. e5 Bc5 4. Nf3 b6 5. c3 dxc3 6. Nxc3 Bb7 7. Bc4 Bxf3 8.
Qxf3 f6 9. Qxa8 fxe5 10. Qd5 Qf6 11. Ne4 Qf5 12. Nxc5 bxc5 13. Qxc5 Nf6 14. Qxc7
Nc6 15. Qc8+ Nd8 16. O-O Ne4 0-1

[Event "Challenge"]
[Site "http://www.queenalice.com/game.php?id=1148129"]
[Date "2013.2.2"]
[Round "-"]
[White "Cubanauta"]
[Black "amalcas"]
[Result "1-0"]
[WhiteElo "1622"]
[BlackElo "1625"]

1. d4 f6 2. e4 e5 3. c3 d5 4. dxe5 fxe5 5. Qh5+ g6 6. Qxe5+ Qe7 7. Qxh8 Nf6 8.
Bh6 Nbd7 9. Nd2 b6 10. Ngf3 Bb7 11. Bb5 c6 12. Ba4 O-O-O 13. Bg5 Bh6 14. Qxh7
Qxe4+ 15. Be3 Qe7 16. Qh8 Bxe3 17. Qxd8+ Kxd8 18. fxe3 Qxe3+ 19. Kd1 Ba6 20. Re1
Qc5 21. Nd4 b5 22. Ne6+ Ke7 23. Nxc5+ 1-0

[Event "Challenge"]
[Site "http://www.queenalice.com/game.php?id=1149268"]
[Date "2013.2.6"]
[Round "-"]
[White "carlitomontana93270"]
[Black "amalcas"]
[Result "1-0"]
[WhiteElo "1651"]
[BlackElo "1641"]

1. c4 e5 2. e3 e4 3. d3 exd3 4. Bxd3 Nf6 5. Nf3 Bb4+ 6. Bd2 Nc6 7. O-O O-O 8.
Nc3 Bxc3 9. Bxc3 d5 10. cxd5 Nxd5 11. Qc2 g6 12. Rad1 f5 13. Bc4 Be6 14. Qd2
Nxc3 15. Qxc3 Qf6 16. Bxe6+ Qxe6 17. Ng5 Qxa2 18. Rd7 Rf7 19. Nxf7 1-0

[Event "Challenge"]
[Site "http://www.queenalice.com/game.php?id=1149269"]
[Date "2013.2.6"]
[Round "-"]
[White "amalcas"]
[Black "carlitomontana93270"]
[Result "0-1"]
[WhiteElo "1735"]
[BlackElo "1671"]

1. e4 d6 2. d4 g6 3. d5 Bg7 4. Nc3 Nf6 5. f4 O-O 6. f5 gxf5 7. exf5 Bxf5 8. Bd3
Bg4 9. Nge2 Nbd7 10. Ne4 Nxe4 11. Bxe4 Nf6 12. Bd3 Nxd5 13. h3 Bxe2 14. Bxe2 e5
15. Qxd5 Qh4+ 16. Kd1 Qg3 17. Qxb7 c5 18. Qd5 Rad8 19. Bc4 Kh8 20. Qb7 e4 21.
Qxe4 Rfe8 22. Qf3 Qe5 23. Qxf7 Qd4+ 24. Bd2 Qxb2 25. Rc1 Rf8 26. Qh5 Rf6 27. Bg5
Qd4+ 28. Bd3 Rf5 29. c3 Qxd3+ 0-1

[Event "OS INCLIVEIS"]
[Site "http://www.queenalice.com/game.php?id=1149551"]
[Date "2013.2.7"]
[Round "-"]
[White "adelio"]
[Black "amalcas"]
[Result "0-1"]
[WhiteElo "1724"]
[BlackElo "1765"]

1. d4 Nc6 2. e4 e5 3. d5 Nce7 4. h4 Nf6 5. Nc3 d6 6. Bg5 Neg8 7. f3 h6 8. Bxf6
Qxf6 9. Qe2 Bd7 10. Nb5 Qd8 11. g4 a6 12. Nc3 h5 13. g5 f6 14. Qg2 fxg5 15. hxg5
h4 16. Qd2 Rh5 17. f4 exf4 18. Qxf4 Be7 19. g6 Nh6 20. Qc1 Rg5 21. Rxh4 Rxg1 22.
Rxh6 gxh6 23. Qxh6 Bh4+ 24. Ke2 Bg4+ 25. Kd3 Rg3+ 26. Kc4 b5+ 27. Kb3 Qf6 28.
Qh7 O-O-O 29. g7 Bd7 30. Bd3 Rxg7 31. Qh5 b4 32. Bxa6+ Kb8 33. Qe2 bxc3 34. bxc3
Rg3 35. Rb1 Qxc3# 0-1

[Event "OS INCLIVEIS"]
[Site "http://www.queenalice.com/game.php?id=1149552"]
[Date "2013.2.7"]
[Round "-"]
[White "amalcas"]
[Black "adelio"]
[Result "1-0"]
[WhiteElo "1740"]
[BlackElo "1696"]

1. e4 e5 2. Nf3 f6 3. d4 a6 4. dxe5 Nc6 5. exf6 Nxf6 6. e5 Qe7 7. Qe2 Ng8 8. Bg5
Nf6 9. exf6 Qxe2+ 10. Bxe2 d5 11. fxg7 Bxg7 12. Nc3 Be6 13. O-O-O Bxc3 14. bxc3
O-O 15. Bh6 Rf6 16. Be3 Raf8 17. Ng5 Nd8 18. Bd3 Bf5 19. g4 Bg6 20. h4 Nf7 21.
Bxg6 Rxg6 22. Nxf7 Rxf7 23. g5 c6 24. h5 Re6 25. h6 Kf8 26. Rde1 Ke8 27. Bd2 Kd7
28. Rxe6 Kxe6 29. g6 hxg6 30. h7 Rxh7 31. Rxh7 b6 32. Be3 c5 33. Rb7 d4 34. cxd4
cxd4 35. Bxd4 Kf5 36. Rxb6 g5 37. Rxa6 g4 38. c4 Kf4 39. c5 Kf3 40. c6 g3 41.
fxg3 Kxg3 42. c7 Kf3 43. c8=Q Ke4 44. Qe8+ Kxd4 45. Rd6+ Kc5 46. Qc6+ Kb4 47.
a3+ Kb3 48. Qc2+ Kxa3 49. Qb2+ Ka4 50. Ra6# 1-0